| 000 -LEADER |
| fixed length control field |
01675cam a2200229 i 4500 |
| 003 - CONTROL NUMBER IDENTIFIER |
| control field |
OSt |
| 005 - DATE AND TIME OF LATEST TRANSACTION |
| control field |
20220321132413.0 |
| 006 - FIXED-LENGTH DATA ELEMENTS--ADDITIONAL MATERIAL CHARACTERISTICS--GENERAL INFORMATION |
| fixed length control field |
m |o d | |
| 008 - FIXED-LENGTH DATA ELEMENTS--GENERAL INFORMATION |
| fixed length control field |
190718t20202020enk ob 001 0 eng |
| 020 ## - INTERNATIONAL STANDARD BOOK NUMBER |
| Cancelled/invalid ISBN |
9780367331139 |
| Qualifying information |
(pbk) |
| 042 ## - AUTHENTICATION CODE |
| Authentication code |
pcc |
| 082 00 - DEWEY DECIMAL CLASSIFICATION NUMBER |
| Classification number |
629.2/4 |
| Edition number |
23 |
| Item number |
BON |
| 100 ## - MAIN ENTRY--PERSONAL NAME |
| Personal name |
Bonnick, Allan W. M., |
| Relator term |
author. |
| 245 10 - TITLE STATEMENT |
| Title |
Automotive powertrain science and technology / |
| Statement of responsibility, etc |
Allan Bonnick. |
| 300 ## - PHYSICAL DESCRIPTION |
| Extent |
1 online resource |
| 504 ## - BIBLIOGRAPHY, ETC. NOTE |
| Bibliography, etc |
Includes bibliographical references and index. |
| 520 ## - SUMMARY, ETC. |
| Summary, etc |
"A motor vehicle's powertrain consists of the components which generate power and enable it to move - its engine, exhaust system, transmission, drive shaft, suspension and wheels. Any automotive engineering student going beyond basic mechanics will need a sound knowledge of the mathematics and scientific principles, particularly calculus and algebra, which underpin powertrain technology. This textbook supports a series of courses, for instance BTEC unit 28 "Further Mathematics for Engineering Technicians", which is a requisite for a foundation degree in automotive engineering, and BTEC higher unit 25 "Engine and Vehicle Design and Performance", without giving full coverage of automotive technology. It is a more focused companion to the author's Automotive Science & Mathematics 978-0-7506-8522-1, also published by Routledge"-- |
| 650 #0 - SUBJECT ADDED ENTRY--TOPICAL TERM |
| Topical term or geographic name as entry element |
Automobiles |
| General subdivision |
Power trains |
| -- |
Design and construction. |
| 650 #0 - SUBJECT ADDED ENTRY--TOPICAL TERM |
| Topical term or geographic name as entry element |
Engineering mathematics. |
| 776 08 - ADDITIONAL PHYSICAL FORM ENTRY |
| Display text |
Print version: |
| Main entry heading |
Bonnick, Allan W. M.. |
| Title |
Automotive powertrain science and technology |
| Place, publisher, and date of publication |
London ; New York : Routledge, Taylor & Francis Group, 2020. |
| International Standard Book Number |
9780367331139 |
| Record control number |
(DLC) 2019031083 |
| 942 ## - ADDED ENTRY ELEMENTS (KOHA) |
| Source of classification or shelving scheme |
|